아프리카의 나라들 - Statistics

General Stats
  • This quiz has been taken 23 times
  • The average score is 47 of 54
Answers on the Map
Answers color-coded by a green-red scale on the quiz's map according to % correct below.
 
Answer Stats
나라 % Correct
가나
100%
기니
100%
나이지리아
100%
남수단
100%
남아프리카 공화국
100%
리비아
100%
마다가스카르
100%
모로코
100%
부룬디
100%
소말리아
100%
수단
100%
에티오피아
100%
이집트
100%
적도 기니
100%
콩고 공화국
100%
콩고 민주 공화국
100%
튀니지
100%
가봉
89%
기니비사우
89%
니제르
89%
레소토
89%
말리
89%
모리타니
89%
모잠비크
89%
베냉
89%
보츠와나
89%
세네갈
89%
알제리
89%
앙골라
89%
에리트레아
89%
에스와티니
89%
우간다
89%
잠비아
89%
중앙아프리카 공화국
89%
짐바브웨
89%
카메룬
89%
케냐
89%
탄자니아
89%
토고
89%
감비아
78%
나미비아
78%
르완다
78%
모리셔스
78%
시에라리온
78%
차드
78%
라이베리아
67%
말라위
67%
부르키나파소
67%
세이셸
67%
코모로
67%
코트디부아르
67%
상투메 프린시페
56%
지부티
56%
카보베르데
56%
No matching quizzes found
Score Distribution
Percent of People with Each Score
Percentile by Number Answered
Your Score History
You have not taken this quiz